Normal view
MARC view
- Cullingworth, J. B.
Entry Personal Name
001 - CONTROL NUMBER
- control field: 23610
003 - CONTROL NUMBER IDENTIFIER
- control field: NUST
005 - DATE AND TIME OF LATEST TRANSACTION
- control field: 20191014105655.0
008 - FIXED-LENGTH DATA ELEMENTS
- fixed length control field: 191014|| aca||aabn | a|a d
040 ## - CATALOGING SOURCE
- Original cataloging agency: NUST
- Transcribing agency: NUST
100 ## - HEADING--PERSONAL NAME
- Personal name: Cullingworth, J. B.
670 ## - SOURCE DATA FOUND
- Source citation: Work cat.: (NUST)0: Cullingworth, J. B., Town and country planning in the UK /, 2006.
